Estadísticas para Comunas de la Región de Los Lagos

Haz click aquí para intentar la prueba.

Estadísticas generales

  • Esta prueba ha sido intentada 2 veces
  • La puntuación promedio es 16 de 30

Estadísticas de respuestas

Comunas% Correcto
ChiloéAncud
100%
ChiloéCastro
100%
PalenaChaitén
100%
ChiloéCuraco de Vélez
100%
ChiloéDalcahue
100%
LlanquihueFrutillar
100%
PalenaFutaleufú
100%
LlanquihueLlanquihue
100%
OsornoOsorno
100%
PalenaPalena
100%
LlanquihuePuerto Montt
100%
LlanquihuePuerto Varas
100%
ChiloéQuellón
100%
ChiloéChonchi
50%
LlanquihueCochamó
50%
LlanquihueLos Muermos
50%
OsornoPuerto Octay
50%
ChiloéQueilén
50%
ChiloéQuemchi
50%
LlanquihueCalbuco
0%
LlanquihueFresia
0%
PalenaHualaihué
0%
LlanquihueMaullín
0%
ChiloéPuqueldón
0%
OsornoPurranque
0%
OsornoPuyehue
0%
ChiloéQuinchao
0%
OsornoRío Negro
0%
OsornoSan Juan de la Costa
0%
OsornoSan Pablo
0%

Distribución de puntuación

Porcentaje por número respondido

Porcentaje de gente con cada puntuación

Historial de tus puntuaciones

No has intentado esta prueba.